Statistics for Highest Rated African Players- FIFA 16

Click here to take the quiz!

General Stats

  • This quiz has been taken 473 times
    (471 since last reset)
  • The average score is 17 of 54

Answer Stats

CountryClubPositionRatingAnswer% Correct
Ivory CoastManchester CityCM85Yaya Toure
96%
Ivory CoastLiverpoolCB78Kolo Toure
76%
GabonBorussia DorrtmundST82Pierre-Emerick Aubameyang
74%
MoroccoBayern MunichCB84Mehdi Benatia
71%
Ivory CoastManchester CityST81Wilfried Bony
61%
EgyptRomaRW80Mohammed Salah
59%
Ivory CoastMontreal ImpactST81Didier Drogba
56%
Ivory CoastPSGRB80Serge Aurier
52%
Ivory CoastRomaLW80Gervinho
49%
AlgeriaValenciaRW81Sofiane Feghouli
45%
SenegalSouthamptonCF78Sadio Mane
41%
CameroonSchalkeCB80Joel Matip
39%
GhanaJuventusLM79Kwadwo Asamoah
38%
NigeriaLilleGK81Vincent Enyeama
37%
GhanaChelseaLB78Abdul Rahman Baba
36%
CameroonMarseilleCB81Nicolas N'Koulou
36%
CameroonAntalyasporST79Samuel Eto'o
35%
AlgeriaPortoLW80Yassine Brahimi
35%
GhanaSwansea CityLM79Andre Ayew
34%
Ivory CoastNewcastleCDM78Cheick Tiote
34%
AlgeriaSporting LisbonST78Islam Slimani
33%
TunisiaMonacoCB81Aymen Abdennour
30%
SenegalNewcastleST78Papiss Cisse
30%
Ivory CoastNewcastleST79Seydou Doumbia
30%
CameroonPortoST79Vincent Aboubakar
30%
CameroonWest Ham UnitedCDM79Alex Song
29%
Ivory CoastBournemouthLW79Max Gradel
29%
NigeriaSeattle SoundersST79Obafemi Martins
29%
AlgeriaNapoliLB78Faouzi Ghoulam
27%
GhanaShalkeCM78Kevin-Prince Boateng
27%
MaliRomaCDM79Seydou Keita
27%
SenegalStoke CityST78Mame Biram Diouf
26%
CameroonGalatasaryCB81Aurelien Chedjou
25%
MoroccoBenficaCAM79Adel Taarabt
24%
CameroonMalagaGK78Carlos Idriss Kameni
24%
TunisiaSunderlandCAM79Whabi Khazri
24%
GunieaBorussia MonchengladbachRM78Ibrahima Traore
20%
DR CongoNorwich CityST79Dieumerci M'Bokani
19%
CameroonSchalkeST78Eric Maxim Choupo-Moting
19%
MoroccoWatfordST78Nordin Amrabat
19%
SenegalBordeauxCB79Lamine Sane
18%
MoroccoLilleCAM78Sofiane Boufal
18%
SenegalChelseaCB78Papy Mison Djilobodji
17%
South AfricaKaiser ChiefsGK78Itumeleng Khune
15%
MoroccoGentCAM80Mbark Boussoufa
15%
DR CongoNorwich CityCDM78Youssouf Mulumbu
15%
GabonCardiff CityCB78Bruno Ecuele Manga
13%
AlgeriaStade De ReimsRB79Aissa Mandi
12%
Republic of CongoDinamo MoscowCB78Christopher Samba
11%
NigeriaTigresST78Ikechukwu Uche
11%
SenegalSt EtienneCB78Moustapha Sall
9%
AlgeriaLevanteST78Nabil Ghilas
9%
SenegalSunderlandST78Dame N'Doye
8%
MozambiqueStade RennaisCB78Mexer
8%

Score Distribution

Percentile by Number Answered

Percent of People with Each Score

Your Score History

You have not taken this quiz since the last reset